书目信息 |
| 题名: |
隋唐五代文化史
|
|
| 作者: | 孙昌武 著 | |
| 分册: | ||
| 出版信息: | 北京 中华书局 2019 |
|
| 页数: | 439页 | |
| 开本: | 22cm | |
| 丛书名: | 孙昌武文集 | |
| 单 册: | ||
| 中图分类: | K240.3 , K243.103 | |
| 科图分类: | ||
| 主题词: | 文化史--wen hua shi--中国--隋唐时代 , 文化史--wen hua shi--中国--五代(907-960) | |
| 电子资源: | ||
| ISBN: | 978-7-101-13797-2 | |
| 000 | 01026oam2 2200289 450 | |
| 001 | 2131042736 | |
| 005 | 20211029202829.0 | |
| 010 | @a978-7-101-13797-2@b精装@dCNY76.00 | |
| 100 | @a20190919d2019 em y0chiy0120 ea | |
| 101 | 0 | @achi |
| 102 | @aCN@b110000 | |
| 105 | @ay z 000yy | |
| 106 | @ar | |
| 200 | 1 | @a隋唐五代文化史@Asui tang wu dai wen hua shi@f孙昌武著 |
| 210 | @a北京@c中华书局@d2019 | |
| 215 | @a439页@d22cm | |
| 225 | 2 | @a孙昌武文集@Asun chang wu wen ji@v4 |
| 314 | @a版权页题:孙昌武著 | |
| 330 | @a本书共分十章,内容包括:隋唐五代文化发展的社会条件与思想环境、隋唐五代文化的主要特征、教育与科举、学术、文学、艺术、科学技术、宗教、边疆诸族文化发展及其与内地的文化交流、隋唐五代文化的国际影响。 | |
| 461 | 0 | @12001 @a孙昌武文集 |
| 606 | 0 | @a文化史@Awen hua shi@y中国@z隋唐时代 |
| 606 | 0 | @a文化史@Awen hua shi@y中国@z五代(907-960) |
| 690 | @aK240.3@v5 | |
| 690 | @aK243.103@v5 | |
| 701 | 0 | @a孙昌武@Asun chang wu@4著 |
| 801 | 0 | @aCN@b百万庄@c20211029 |
| 905 | @b1313039-042@dK240.3@e55@f4 | |
| 隋唐五代文化史/孙昌武著.-北京:中华书局,2019 |
| 439页;22cm.-(孙昌武文集;4) |
| ISBN 978-7-101-13797-2(精装):CNY76.00 |
| 本书共分十章,内容包括:隋唐五代文化发展的社会条件与思想环境、隋唐五代文化的主要特征、教育与科举、学术、文学、艺术、科学技术、宗教、边疆诸族文化发展及其与内地的文化交流、隋唐五代文化的国际影响。 |
| ● |
| 相关链接 |
|
|
|
|
正题名:隋唐五代文化史
索取号:K240.3/55
 
预约/预借
| 序号 | 登录号 | 条形码 | 馆藏地/架位号 | 状态 | 备注 |
| 1 | 1313039 | 213130397 | 第二样本阅览室/ [索取号:K240.3/55] | 在馆 | |
| 2 | 1313040 | 213130404 | 第二借阅区/ [索取号:K240.3/55] | 在馆 | |
| 3 | 1313041 | 213130413 | 第二借阅区/ [索取号:K240.3/55] | 在馆 | |
| 4 | 1313042 | 213130422 | 第二借阅区/ [索取号:K240.3/55] | 在馆 |